000 00984cam a22003017a 4500
003 CHAP
005 20220329135154.0
008 971013s1970 r 00010 d
010 _a32104
011 _a33076
035 _a37191
040 _cCHAP
090 _aTesis
100 0 0 _aMartínez Serna, David G.
_972523
245 1 3 _aLa demanda de vivienda en el área metropolitana de Monterrey
_b: ensayo de regresión múltiple
260 _aMonterrey, N.L. :
_bEl autor,
_c1970
300 _a45 h
502 _aTesis (Lic. en Economía) -- Universidad de Nuevo León. Fac. de Economía
590 _aALEPH
_b10
_c20130110
_lUCH01
_h1255
590 _aBATCH-UPD
_b10
_c20130110
_lUCH01
_h2238
590 _aBATCH-UPD
_b10
_c20130410
_lUCH01
_h1533
590 _aBATCH-UPD
_b10
_c20130914
_lUCH01
_h1906
590 _aCONVERSION
_b10
_c20130109
_lUCH01
_h1318
650 1 4 _aVivienda
_xNuevo León.
_9120140
901 _aBK
942 _cTESIS
949 _bBC
_cTES
_d-85256
_eTS1
_i37191
_si
999 _c32104
_d32104